Full 2018 NFL Draft - Statistics

General Stats
  • This quiz has been taken 1,167 times
    1,158 since last reset
  • The average score is 68 of 256
Answer Stats
Round Pick Team Position College Player % Correct
1 1 Cleveland Browns Quarterback Oklahoma Baker Mayfield
99%
1 2 New York Giants Running Back Penn State Saquon Barkley
98%
1 7 Buffalo Bills Quarterback Wyoming Josh Allen
95%
4 111 Los Angeles Rams Center MIchigan State Brian Allen
94%
5 148 Pittsbugh Steelers Safety Penn State Marcus Allen
94%
1 3 New York Jets Quarterback USC Sam Darnold
94%
1 10 Arizona Cardinals Quarterback UCLA Josh Rosen
89%
7 234 Carolina Panthers Linebacker North Carolina Andre Smith
88%
2 37 Indianapolis Colts Guard Auburn Braden Smith
88%
1 5 Denver Broncos Edge Rusher NC State Bradley Chubb
88%
4 126 Altanta Falcons Running Back Southern Miss Ito Smtih
88%
2 35 Cleveland Browns Running Back Georgia Nick Chubb
88%
1 8 Chicago Bears Linebacker Georgia Roquan Smith
88%
6 196 Kansas City Chiefs Cornerback Central Arkansas Tremon Smith
88%
3 91 New Orleans Saints Wide Receiver UCF Tre'Quan Smith
88%
1 4 Cleveland Browns Cornerback Ohio State Denzel Ward
87%
2 55 Carolina Panthers Cornerback LSU Donte Jackson
86%
2 45 Green Bay Packers Cornerback Iowa Josh Jackson
86%
7 251 Los Angeles Chargers Running Back Northwestern Justin Jackson
86%
1 32 Baltimore Ravens Quarterback Louisville Lamar Jackson
86%
1 6 Indianapolis Colts Guard Notre Dame Quenton Nelson
85%
4 110 Oakland Raiders Cornerback Wisconsin Nick Nelson
84%
1 17 Los Angeles Chargers Safety Florida State Derwin James
80%
1 11 Miami Dolphins Safety Alabama Minkah Fitzpatrick
79%
7 240 San Francisco 49ers Wide Receiver Middle Tennessee Richie James
79%
1 24 Carolina Panthers Wide Receiver Maryland D.J. Moore
75%
1 12 Tampa Bay Buccaneers Defensive Tackle Washington Vita Vea
75%
4 133 Green Bay Packers Wide Receiver Missouri J'Mon Moore
74%
6 189 New Orleans Saints Cornerback Boston College Kamrin Moore
74%
3 95 San Francisco 49ers Safety Southern Miss Tarvarius Moore
74%
1 26 Atlanta Falcons Wide Receiver Alabama Calvin Ridley
73%
1 18 Green Bay Packers Cornerback Louisville Jaire Alexander
73%
2 38 Tampa Bay Buccaneers Running Back USC Ronald Jones II
71%
5 168 Seattle Seahawks Offensive Tackle Ohio State Jamarco Jones
70%
3 84 Los Angeles Chargers Defensive Tackle NC State Justin Jones
70%
6 183 Denver Broncos Guard Arizona State Sam Jones
70%
1 19 Dallas Cowboys Linebacker Boise State Leighton Vander Esch
69%
2 43 Detroit Lions Running Back Auburn Kerryon Johnson
68%
4 121 Buffalo Bills Cornerback Weber State Taron Johnson
68%
1 31 New England Patriots Running Back Georgia Sony Michel
67%
1 27 Seattle Seahawks Running Back San Diego State Rashaad Penny
65%
1 28 Pittsburgh Steelers Safety Virginia Tech Terrell Edmunds
64%
1 16 Buffalo Bills Linebacker Virginia Tech Tremaine Edmunds
64%
2 40 Denver Broncos Wide Receiver SMU Courtland Sutton
63%
1 25 Baltimore Ravens Tight End South Carolina Hayden Hurst
60%
5 140 Oakland Raiders Defensive Tackle Michigan Maurice Hurst
59%
2 51 Chicago Bears Wide Receiver Memphis Anthony Miller
58%
1 20 Detroit Lions Center Arkansas Frank Ragnow
58%
1 15 Oakland Raiders Offensive Tackle UCLA Kolton Miller
58%
2 50 Dallas Cowboys Offensive Tackle Texas Connor Williams
57%
7 226 Denver Broncos Running Back Arkansas David Williams
56%
1 13 Washington Redskins Defensive Tackle Alabama Payne, Da'Ron
55%
1 9 San Francisco 49ers Offensive Tackle Notre Dame Mike McGlinchey
54%
3 86 Baltimore Ravens Tight End Oklahoma Mark Andrews
53%
2 36 Indianapolis Colts Linebacker South Carolina State Darius Leonard
52%
4 127 New Orleans Saints Offensive Tackle Florida State Rick Leonard
52%
2 49 Philadelphia Eagles Tight End South Dakota State Dallas Goedert
51%
1 14 New Orleans Saints Edge Rusher UTSA Marcus Davenport
50%
2 42 Miami Dolphins Tight End Penn State Mike Gesicki
49%
5 158 Cincinnati Bengals Defensive Tackle Virginia Andrew Brown
48%
2 47 Arizona Cardinals Wide Receiver Texas A&M Christian Kirk
48%
3 83 Baltimore Ravens Offensive Tackle Oklahoma Orlando Brown
48%
1 21 Cincinnati Bengals Center Ohio State Billy Price
43%
1 23 New England Patriots Guard Georgia Isaiah Wynn
42%
1 22 Tennessee Titans Linebacker Alabama Rashaan Evans
42%
3 76 Pittsburgh Steelers Quarterback Oklahoma State Mason Rudolph
40%
2 59 Washington Redskins Running Back LSU Derrius Guice
39%
4 119 Los Angeles Chargers Safety West Virginia Kyzir White
39%
5 171 Dallas Cowboys Quarterback Western Kentucky Mike White
39%
2 54 Cincinnati Bengals Safety Wake Forest Jessie Bates
38%
1 30 Minnesota Vikings Cornerback UCF Mike Hughes
38%
2 63 Tampa Bay Buccaneers Cornerback Auburn Carlton Davis
37%
2 34 New York Giants Guard UTEP Will Hernandez
37%
2 41 Tennessee Titans Edge Rusher Boston College Harold Landry
36%
2 60 Pittsburgh Steelers Wide Receiver Oklahoma State James Washington
36%
2 61 Jacksonville Jaguars Wide Receiver LSU D.J. Chark
35%
1 29 Jacksonville Jaguars Defensive Tackle Florida Taven Bryan
35%
6 178 New England Patriots Linebacker Arizona State Christian Sam
33%
2 44 San Francisco 49ers Wide Receiver Washington Dante Pettis
31%
3 70 San Francisco 49ers Linebacker BYU Fred Warner
30%
3 81 Dallas Cowboys Wide Receiver Colorado State Michael Gallup
30%
3 67 Cleveland Browns Edge Rusher Miami Chad Thomas
29%
5 151 Cincinnati Bengals Cornerback Illinois State Davontae Harris
29%
4 101 Carolina Panthers Tight End Indiana Ian Thomas
29%
6 211 Houston Texans Tight End Mississippi State Jordan Thomas
29%
6 184 San Francisco 49ers Safety Florida Marcell Harris
29%
6 188 Cleveland Browns Cornerback Louisiana-Lafayette Simeon Thomas
29%
3 71 Denver Broncos Running Back Oregon Royce Freeman
28%
3 73 Miami Dolphins Linebacker Ohio State Jerome Baker
26%
6 208 Dallas Cowboys Wide Receiver Boise State Cedrick Wilson
25%
3 68 Houston Texans Safety Stanford Justin Reid
25%
2 39 Chicago Bears Center Iowa James Daniels
22%
4 104 Indianapolis Colts Running Back NC State Nyheim Hines
22%
3 69 New York Giants Defensive Tackle NC State B.J. Hill
21%
3 79 Seattle Seahawks Edge Rusher USC Rasheem Green
21%
3 93 Jacksonville Jaguars Safety Alabama Ronnie Harrison
20%
3 77 Cincinnati Bengals Edge Rusher Ohio State Sam Hubbard
20%
5 141 Seattle Seahawks Linebacker UCF Shaquem Griffin
20%
2 58 Atlanta Falcons Cornerback Colorado Isaiah Oliver
19%
5 161 Carolina Panthers Linebacker Maryland Jermaine Carter
18%
4 108 New York Giants Quarterback Richmond Kyle Lauletta
18%
3 66 New York Giants Edge Rusher Georgia Lorenzo Carter
18%
5 166 Buffalo Bills Guard Virginia Tech Wyatt Teller
17%
4 105 Cleveland Browns Wide Receiver Florida Antonio Callaway
16%
2 33 Cleveland Browns Guard Nevada Austin Corbett
16%
4 113 Denver Broncos Wide Receiver Penn State DeaSean Hamilton
16%
6 197 Washington Redskins Linebacker Alabama Shaun Dion Hamilton
16%
3 82 Detroit Lions Safety Louisiana-Lafayette Tracy Walker
16%
2 48 Los Angeles Chargers Edge Rusher USC Uchenna Nwosu
16%
6 201 New Orleans Saints Running Back Louisiana Tech Boston Scott
15%
4 134 Arizona Cardinals Running Back Fordham Chase Edmonds
15%
4 132 Baltimore Ravens Wide Receiver New Mexico State Jaleel Scott
15%
5 172 Green Bay Packers Punter Alabama J.K. Scott
15%
4 130 Philadelphia Eagles Edge Rusher Florida State Josh Sweat
15%
4 103 Houston Texans Wide Receiver Texas Tech Keke Coutee
15%
4 122 Baltimore Ravens Linebacker UCLA Kenny Young
15%
3 78 Cincinnati Bengals Linebacker Texas Malik Jefferson
15%
6 205 Los Angeles Rams Edge Rusher Louisville Trevon Young
15%
2 62 Minnesota Vikings Offensive Tackle Pittsburgh Brian O'Neill
14%
4 107 New York Jets Tight End Miami Christopher Herndon
14%
4 137 Dallas Cowboys Tight End Stanford Dalton Schultz
14%
3 75 Kansas City Chiefs Defensive Tackle Florida State Derrick Nnadi
14%
6 207 Green Bay Packers Wide Receiver Notre Dame Equanimeous St. Brown
14%
7 229 Miami Dolphins Kicker New Mexico Jason Sanders
14%
3 97 Arizona Cardinals Center Michigan Mason Cole
14%
5 149 Seattle Seahawks Punter Texas Michael Dickson
14%
4 120 Seattle Seahawks Tight End Washington Will Dissly
14%
3 87 Oakland Raiders Edge Rusher LSU Arden Key
13%
7 223 San Francisco 49ers Defensive Tackle Temple Julian Taylor
13%
7 252 Cincinnati Bengals Guard Ole Miss Rod Taylor
13%
2 64 Indianapolis Colts Edge Rusher Ohio State Tyquan Lewis
13%
5 153 Detroit Lions Offensive Tackle Oregon Tyrell Crosby
13%
7 219 New England Patriots Quarterback LSU Danny Etling
12%
5 170 Cincinnati Bengals Cornerback Western Michigan Darius Phillips
12%
3 96 Buffalo Bills Defensive Tackle Stanford Harrison Phillips
12%
5 167 Minnesota Vikings Kicker Auburn Daniel Carlson
11%
5 142 San Francisco 49ers Cornerback Kansas State D.J. Reed
11%
6 186 Seattle Seahawks Edge Rusher Temple Jacob Martin
11%
5 169 Indianapolis Colts Running Back Ole Miss Jordan Wilkins
11%
4 106 Denver Broncos Linebacker Iowa Josey Jewell
11%
2 52 Indianapolis Colts Edge Rusher Rutgers Kemoko Turay
11%
2 57 Oakland Raiders Defensive Tackle Sam Houston State P.J. Hall
11%
6 203 Jacksonville Jaguars Quarterback Nebraska Tanner Lee
11%
7 231 Los Angeles Rams Linebacker TCU Travin Howard
11%
5 157 Minnesota Vikings Tight End Central Michigan Tyler Conklin
11%
6 182 Arizona Cardinals Cornerback Penn State Christian Campbell
10%
4 116 Dallas Cowboys Edge Rusher Kansas Dorance Armstrong
10%
2 56 New England Patriots Cornerback Florida Duke Dawson
10%
7 222 Houston Texans Cornerback San Jose State Jermaine Kelly
10%
6 176 Los Angeles Rams Running Back Tennessee John Kelly
10%
4 131 Miami Dolphins Running Back Arizona State Kalen Ballage
10%
4 112 Cincinnati Bengals Running Back Miami Mark Walton
10%
5 174 Green Bay Packers Wide Receiver USF Marquez Valdes-Scantling
10%
7 221 Indianapolis Colts Linebacker Houston Matthew Adams
10%
2 53 Tampa Bay Buccaneers Cornerback North Carolina M.J. Stewart
10%
7 256 Atlanta Falcons Wide Receiver SMU Trey Quinn
10%
4 125 Philadelphia Eagles Cornerback Pittsburgh Avonte Maddox
9%
3 65 Oakland Raiders Offensive Tackle North Carolina A&T Brandon Parker
9%
6 209 Miami Dolphins Cornerback Southern Miss Cornell Armstrong
9%
6 199 Tennessee Titans Quarterback Washington State Luke Falk
9%
6 194 Atlanta Falcons Wide Receiver LSU Russell Gage
9%
3 94 Tampa Bay Buccaneers Guard Humboldt State Alex Cappa
8%
4 118 Baltimore Ravens Cornerback Alabama Anthony Averett
8%
7 236 Dallas Cowboys Running Back Alabama Bo Scarbrough
8%
6 210 New England Patriots Wide Receiver Miami Braxton Berrios
8%
3 92 PIttsburgh Steelers Offensive Tackle Western Michigan Chukwuma Okorafor
8%
4 114 Detroit Lions Edge Rusher Alabama Da'Shawn Hand
8%
6 190 Baltimore Ravens Safety Texas DeShon Elliott
8%
4 123 Miami Dolphins Tight End Notre Dame Durham Smythe
8%
5 165 Pittsburgh Steelers Tight End NC State Jaylen Samuels
8%
3 98 Houston Texans Tight End UCF Jordan Akins
8%
5 144 Tampa Bay Buccaneers Wide Receiver Penn Justin Watson
8%
3 88 Green Bay Packers Linebacker Vanderbilt Oren Burks
8%
4 109 Washington Redskins Safety Penn State Troy Apke
8%
7 253 Cincinnati Bengals Wide Receiver Florida State Auden Tate
7%
2 46 Kansas City Chiefs Defensive Tackle Ole Miss Breeland Speeks
7%
6 185 Indianapolis Colts Wide Receiver Clemson Deon Cain
7%
3 74 Washington Redskins Offensive Tackle Louisville Geron Christian
7%
5 143 New England Patriots Linebacker Purdue Ja'Whaun Bentley
7%
7 233 Philadelphia Eagles Offensive Tackle N/A (Australia) Jordan Mailata
7%
4 117 Tampa Bay Buccaneers Safety Pittsburgh Jordan Whitehead
7%
6 195 Los Angeles Rams Defensive Tackle Rutgers Sebastian Joseph
7%
5 146 Seattle Seahawks Safety Oklahoma State Tre Flowers
7%
7 235 Indianapolis Colts Linebacker Syracuse Zaire Franklin
7%
6 215 Baltimore Ravens Center Alabama Bradley Bozeman
6%
3 100 Kansas City Chiefs Linebacker Clemson Dorian O'Daniel
6%
3 99 Denver Broncos Cornerback Boston College Isaac Yiadom
6%
3 80 Houston Texans Guard Mississippi State Martinas Rankin
6%
3 72 New York Jets Defensive Tackle Fort Hays State Nathan Shepherd
6%
6 187 Buffalo Bills Wide Receiver Clemson Ray-Ray McCloud
6%
5 154 Buffalo Bills Cornerback Jacksonville State Siran Neal
6%
5 156 Denver Broncos Tight End Wisconsin Troy Fumagalli
6%
4 129 Jacksonville Jaguars Offensive Tackle NC State Will Richardson
6%
4 124 Kansas City Chiefs Safety Texas A&M Armani Watts
5%
3 90 Atlanta Falcons Defensive Tackle USF Deadrin Senat
5%
6 212 Baltimore Ravens Defensive Tackle Wagner Greg Senat
5%
4 102 Minnesota Vikings Edge Rusher Ohio State Jalyn Holmes
5%
7 224 Chicago Bears Wide Receiver Georgia Javon Wims
5%
5 173 Oakland Raiders Punter Florida Johnny Townsend
5%
7 249 Cincinnati Bengals Quarterback Toledo Logan Woodside
5%
7 250 New England Patriots Tight End Florida State Ryan Izzo
5%
7 220 Seattle Seahawks Quarterback FIU Alex McGough
4%
5 145 Chicago Bears Defensive Tackle Delaware Bilal Nichols
4%
5 159 Indianapolis Colts Wide Receiver Northern Iowa Daurice Fountain
4%
6 200 Atlanta Falcons Linebacker Yale Foye Oluokun
4%
5 150 Cleveland Browns Linebacker Memphis Genard Avery
4%
7 239 Green Bay Packers Long Snapper Mississippi State Hunter Bradley
4%
5 162 Baltimore Ravens Wide Receiver UCLA Jordan Lasley
4%
3 89 Los Angeles Rams Defensive Tackle TCU Joseph Noteboom
4%
4 128 San Francisco 49ers Edge Rusher NC State Kentavius Street
4%
7 230 Jacksonville Jaguars Edge Rusher Wisconsin Leon Jacobs
4%
7 228 Oakland Raiders Wide Receiver Oklahoma State Marcell Ateman
4%
5 147 Los Angeles Rams Linebacker Virginia Micah Kiser
4%
5 160 Los Angeles Rams Edge Rusher Oklahoma Ogbonnia Okoronkwo
4%
3 85 Carolina Panthers Safety Tennessee Rashaan Gaulden
4%
5 138 Green Bay Packers Offensive Tackle Washington State Cole Madison
3%
6 175 Cleveland Browns Wide Receiver Texas A&M Damion Ratley
3%
5 152 Tennessee Titans Safety Arizona Dane Cruikshank
3%
6 177 Houston Texans Edge Rusher Wake Forest Duke Ejiofor
3%
6 191 Los Angeles Chargers Wide Receiver Texas Tech Dylan Cantrell
3%
6 180 New York Jets Defensive Tackle UConn Foley Fatukasi
3%
7 232 Green Bay Packers Edge Rusher California James Looney
3%
4 135 Los Angeles Rams Defensive Tackle Stephen F. Austin John Franklin-Myers
3%
7 247 Jacksonville Jaguars Punter Mississippi State Logan Cooke
3%
4 136 Carolina Panthers Edge Rusher Ole Miss Marquis Haynes
3%
6 198 Kansas City Chiefs Guard Tennessee Reginald McKenzie
3%
5 139 New York Giants Defensive Tackle Miami R.J. McIntosh
3%
5 163 Washington Redskins Defensive Tackle Virginia Tech Tim Settle
3%
6 204 New York Jets Running Back Virginia State Trenton Cannon
3%
7 245 New Orleans Saints Center LSU Will Clapp
3%
6 218 Minnesota Vikings Edge Rusher Tulane Ade Aruna
2%
7 255 Buffalo Bills Wide Receiver North Carolina Austin Proehl
2%
6 216 Oakland Raiders Linebacker Washington Azeem Victor
2%
6 193 Dallas Cowboys Linebacker Indiana Chris Covington
2%
7 225 Minnesota Vikings Linebacker California Devante Downs
2%
6 202 Tampa Bay Buccaneers Linebacker Wisconsin Jack Cichy
2%
4 115 Chicago Bears Linebacker Western Kentucky Joel Iyiegbuniwe
2%
7 246 Pittsburgh Steelers Defensive Tackle Alabama Joshua Frazier
2%
7 243 New England Patriots Cornerback Western Carolina Keion Crossen
2%
6 217 Denver Broncos Linebacker Washington Keishawn Bierria
2%
7 248 Green Bay Packers Edge Rusher Southeast Missouri Kendall Donnerson
2%
7 242 Carolina Panthers Defensive Tackle Miami Kendrick Norton
2%
7 254 Arizona Cardinals Offensive Tackle Cincinnati Korey Cunningham
2%
6 181 Chicago Bears Edge Rusher Utah Kylie Fitts
2%
6 206 Philadelphia Eagles Offensive Tackle TCU Matt Pryor
2%
5 164 New Orleans Saints Safety Wisconsin Natrell Jamerson
2%
7 237 Detroit Lions Fullback San Diego State Nick Bawden
2%
6 179 New York Jets Cornerback Tulane Parry Nickerson
2%
6 214 Houston Texans Edge Rusher Stanford Peter Kalambayi
2%
7 227 Miami Dolphins Linebacker Ohio Quentin Poling
2%
7 238 Baltimore Ravens Edge Rusher Ferris State Zach Sieler
2%
6 213 Minnesota Vikings Guard Appalachian State Colby Gossett
1%
7 241 Washington Redskins Cornerback Virginia Tech Greg Stroman
1%
6 192 Los Angeles Rams Guard Maine Jamil Demby
1%
7 244 Los Angeles Rams Edge Rusher SMU Justin Lawler
1%
5 155 Los Angeles Chargers Center UCLA Scott Quesenberry
1%
No matching quizzes found
Score Distribution
Percent of People with Each Score
Percentile by Number Answered
Your Score History
You have not taken this quiz since the last reset